ბათუმის შოთა რუსთაველის სახელმწიფო უნივერსიტეტის ბიბლიოთეკა

პუტინის საგარეო პოლიტიკა / (ბიბ.ჩანაწერი № 59528)

000 -ლიდერი
ფიქსირებული სიგრძის საკონტროლო ველი 01189nam a22002417a 4500
003 - საკონტროლო ნომრის იდენტიფიკატორი
საკონტროლო ველი Ge_BSU
005 - ბოლო ოპერაციის თარიღი და დრო
საკონტროლო ველი 20230309134547.0
008 - ფიქსირებული სიგრძის მონაცემთა ელემენტები - ზოგადი ინფორმაცია
ფიქსირებული სიგრძის საკონტროლო ველი 230309s2008 ge ||||| |||| 00| 0 geo d
020 ## - წიგნის საერთაშორისო სტანდარტული ნომერი
International Standard Book Number 9789941006876
041 ## - ენის კოდი
Language code of text/sound track or separate title geo
080 ## - უნივერსალური ათობითი კლასიფიკაციის ინდექსი
Universal Decimal Classification number 327(470):342.511(470) ტ-72
100 ## - მთავარი ჩანაწერი - პიროვნების სახელი
Personal name ტოროშელიძე, იოსებ
9 (RLIN) 17148
245 ## - ცნობა სათაურის შესახებ
Title პუტინის საგარეო პოლიტიკა /
Statement of responsibility, etc იოსებ ტოროშელიძე ; ბთთკ-პოლიტიკის კვლევის ჯგუფი.
264 ## - წარმოების, გამოცემის, დისტრიბუციის და სხვა ცნობები
გამოცემის, წარმოების, დისტრიბუციის... ადგილი თბილისი :
გამოცემის, წარმოების, დისტრიბუციის... სახელწოდება Sida : ევრაზიის თანამშრომლობის ფონდი,
გამოცემის, წარმოების, დისტრიბუციის... თარიღი 2008.
300 ## - ფიზიკური აღწერა
Extent 88 გვ. ;
Other physical details 20 სმ.
490 ## - სერიის ცნობა
Series statement ბთთკ-ს საერთაშორისო პოლიტიკის კვლევების სერია
500 ## - ზოგადი შენიშვნა
General note
504 ## - BIBLIOGRAPHY, ETC. NOTE
Bibliography, etc ბიბლიოგრ.: გვ. 84-86.
653 ## - INDEX TERM--UNCONTROLLED
Uncontrolled term რუსეთის საგარეო პოლიტიკა
653 ## - INDEX TERM--UNCONTROLLED
Uncontrolled term რუსეთის პრეზიდენტები
653 ## - INDEX TERM--UNCONTROLLED
Uncontrolled term პუტინი, ვლადიმირ.
942 ## - ADDED ENTRY ELEMENTS (KOHA)
Source of classification or shelving scheme
Koha item type წიგნი
ეგზემპლარები
ჩამოწერის სტატუსი დაკარგული ეგზემპლარის სტატუსი კლასიფიკაციის წყარო ან თაროზე გაწყობის სქემა დაზიანების სტატუსი არ გაიცემა მუდმივი მდებარეობა (დაცვის ადგილი) ამჟამინდელი ადგილსამყოფელი თაროზე განთავსების ადგილი შეძენის თარიღი ღირებულება, შესყიდვის ნორმალური ფასი სრული შენახვის შიფრი შტრიხკოდი ბოლო ოპერაციის თარიღი ეგზემპლარის მიმდევრობითი ნომერი (კეტერი?) ფასის ძალაში შესვლის თარიღი ეგზემპლარის სახეობა საჯარო შენიშვნა
          ბათუმის შოთა რუსთაველის სახელმწიფო უნივერსიტეტის მთავარი ბიბლიოთეკა ბათუმის შოთა რუსთაველის სახელმწიფო უნივერსიტეტის მთავარი ბიბლიოთეკა წიგნსაცავი 2023-03-09 4.00 327(470):342.511(470) ტ-72 63989 2023-03-09 63989 2023-03-09 წიგნი 4 ლ.